00719nam a22002417a 450000500170000001000130001702000100003003500130004003700160005304000120006908200120008110000180009324500610011126000420017227000510021430000200026550000400028565000220032565000190034765000480036665000600041470000030047420170124105926.0 aA-370506 c00.00 aA-370506 bCen Lib/Ret aDPLbEN a330.954 aMishra,Girish aNehru and congress economic policies /cby Girish Mishra a New DelhibSterling publishersc1988 aL-10,Green Park extension b New Delhie110016 a163p.c20cm(Hb) aIncludes bibliographical reference  aPolitical science aIndian economy aराजनीति विज्ञान aभारतीय अर्थव्यवस्था